000 00360cam a22001455a 4500
001 J100770
008 000000s1917 xxk 000 0 eng u
035 _a(Sirsi) u100770
110 _aSurveyors' Institution
_93783
245 _aMine rents and royalties.
260 _c1917
651 4 _aUnited Kingdom
_y
690 _aMinerals and waste
_96257
942 _n0
999 _c99819
_d99819